000
00227 a2200097 4500
001
46406
100
_a
Sutcliffe, R
245
_a
Meteorology for Aviations
260
_a
London
_b
His Majesty's Station
_c
090
_c
29525
_d
29525
942
_a
NUST-CAE
_c
M
_c
21697
999
_c
281479
_d
281479